000 00628 a2200181 4500
003 Nust
005 20170207153215.0
040 _cNust
082 _a005.1
100 _aMumtaz, Rafia (MSCS-11)
245 _aImage enhancement using nonsubsampled contourlet transform
_cRafia Mumtaz
260 _bMCS,NUST
_c2006
_aRawalpindi
300 _aix, 65,p.;
505 _aIntroduction (page-1) Literature review (page-4) Nonsubsampled contourlet transform (page-14) Testing of the algorithm (page-24) Results and analysis (page-31) Conclusion (page-42)
538 _aAlmirah No 69 Shelf No 4
650 _aPG Thesis
651 _aMSCS-11
942 _cTHS
999 _c181553
_d181553